Sustainability and diversity of forest ecosystems : An interdisiplinary approach

Bibliographic Details
Other Authors: Nakashizuka, Tohru
Format: Book
Published: Japan : Springer , 2007
Series:Ecological Research (v22 (3) 2007)
Subjects:

MARC

LEADER 00000cam a2200000 7i4500
001 0000003835
005 20110721.0
020 0 0 |a 9784431732372 
090 0 0 |a 634.9   |b NAKA 2007 
245 1 0 |a Sustainability and diversity of forest ecosystems :   |b An interdisiplinary approach   |c editor Tohru Nakashizuka 
260 0 0 |a Japan :   |b Springer ,   |c 2007 
300 |a v., 486 p. :   |b ill. ;   |c 27 cm. 
440 0 0 |a Ecological Research (v22 (3) 2007) 
500 0 0 |a Includes references 
650 0 0 |a Diversity 
650 0 0 |a Forests ecosystem 
700 0 1 |a Nakashizuka, Tohru 
998 |a JPSM 
999 |a 007421   |b Monograph   |c Open Shelf   |e Default branch